El tumbo de los Reyes Católicos del Concejo de Sevilla / (Record no. 147010)

MARC details
000 -LEADER
campo de control de longitud fija 00727nam a2200205 i 4500
001 - NÚMERO DE CONTROL
campo de control 147010
003 - IDENTIFICADOR DE NÚMERO DE CONTROL
campo de control ES-MaACL
005 - FECHA Y HORA DE LA ÚLTIMA TRANSACCIÓN
campo de control 20230906201751.0
007 - CAMPO FIJO DE DESCRIPCIÓN FÍSICA--INFORMACIÓN GENERAL
campo de control de longitud fija t|
008 - DATOS DE LONGITUD FIJA--INFORMACIÓN GENERAL
campo de control de longitud fija 070920s1971 sp ||||1| spa d
080 ## - NÚMERO DE LA CLASIFICACIÓN DECIMAL UNIVERSAL
Número de la Clasificación Decimal Universal 946"1474/517"(093.2)
245 03 - MENCIÓN DEL TÍTULO
Título El tumbo de los Reyes Católicos del Concejo de Sevilla /
Mención de responsabilidad, etc. edición de la Universidad Hispalense, dirigida por J. de M. Carriazo.
260 ## - PUBLICACIÓN, DISTRIBUCIÓN, ETC.
Lugar de publicación, distribución, etc. Sevilla :
Nombre del editor, distribuidor, etc. Ayuntamiento,
Fecha de publicación, distribución, etc. 1971.
300 ## - DESCRIPCIÓN FÍSICA
Extensión XXIV, 341 p. ;
Dimensiones 25 cm.
650 ## - PUNTO DE ACCESO ADICIONAL DE MATERIA--TÉRMINO DE MATERIA
Término de materia o nombre geográfico como elemento de entrada España-
Subdivisión general Historia-
Subdivisión cronológica 1474-1516, Reyes Católicos-
Subdivisión de forma Fuentes.
9 (RLIN) 221246
700 1# - ENTRADA AGREGADA--NOMBRE PERSONAL
Nombre de persona Carriazo y Arroquia, Juan de Mata.
9 (RLIN) 35736
710 1# - ENTRADA AGREGADA--NOMBRE DE ENTIDAD CORPORATIVA
Nombre de entidad corporativa o nombre de jurisdicción como elemento de entrada Sevilla.
Unidad subordinada Ayuntamiento.
9 (RLIN) 1391
852 ## - LOCALIZACIÓN
Ubicación ES-MaACL
Número de control de estantería C-37439
Sublocalización o colección R.79639
Holdings
Estatus retirado Estado de pérdida Estado de daño No para préstamo Biblioteca de origen Biblioteca actual Ubicación en estantería Fecha de adquisición Fuente de adquisición Total de préstamos Signatura topográfica completa Código de barras Visto por última vez Precio de reemplazo Tipo de ítem Koha
        Biblioteca del Ateneo de Madrid Biblioteca del Ateneo de Madrid Depósito 2 17/01/2008     C-37439 1153423 23/02/2023 23/02/2023 Libro impreso